U.S. High School Mascots - Sudden Death - Statistics

General Stats
  • This quiz has been taken 683 times
  • The average score is 16 of 20
Answers on the Grid
Answers color-coded by a green-red scale on the quiz's grid according to % correct below.
Ambassadors
Buckaroos
Bulldogs
Burros
Camels
Cardinals
Cougars
Drillers
Eagles
Falcons
Hawks
Indians
Johnnies
Knights
Lions
Mallards
Meteors
Millers
Mustangs
Panthers
Patriots
Pharohs
Pointers
Prospectors
Raiders
Railsplitters
Rams
Regents
Roughnecks
Spartans
Spirits
Tarpons
Tartars
Tigers
Trojans
Vikings
Wampus Cats
Warriors
Wildcats
Zebras
 
Answer Stats
Answer % Correct
Bulldogs
87%
Eagles
87%
Lions
84%
Cougars
83%
Panthers
83%
Cardinals
82%
Falcons
82%
Hawks
82%
Knights
80%
Tigers
80%
Wildcats
79%
Rams
78%
Vikings
78%
Warriors
78%
Mustangs
75%
Patriots
75%
Trojans
74%
Spartans
73%
Raiders
72%
Indians
68%
No matching quizzes found
Score Distribution
Percent of People with Each Score
Percentile by Number Answered
Your Score History
You have not taken this quiz